Los ciclos y el crecimiento económico (Registro nro. 6557)

Detalles MARC
000 -LEADER
fixed length control field 00798 a2200193 4500
001 - CONTROL NUMBER
control field 59004
005 - DATE AND TIME OF LATEST TRANSACTION
control field 20260407155844.0
008 - FIXED-LENGTH DATA ELEMENTS--GENERAL INFORMATION
fixed length control field 260407a1968 arg spa d
003 - CONTROL NUMBER IDENTIFIER
control field AR-UNSa-BCEJYS
040 ## - CATALOGING SOURCE
Original cataloging agency AR-UNSa-BCEJYS
Language of cataloging spa
Transcribing agency AR-UNSa-BCEJYS
080 ## - UNIVERSAL DECIMAL CLASSIFICATION NUMBER
Universal Decimal Classification number 330.35
Common auxiliary subdivision Crecimiento económico
100 1# - MAIN ENTRY--PERSONAL NAME
Personal name Bober, Gabriel
245 10 - TITLE STATEMENT
Title Los ciclos y el crecimiento económico
264 #1 - PRODUCTION, PUBLICATION, DISTRIBUTION, MANUFACTURE, AND COPYRIGHT NOTICE
Place of production, publication, distribution, manufacture Buenos Aires :
Name of producer, publisher, distributor, manufacturer Amorrortu Editores
Date of production, publication, distribution, manufacture, or copyright notice 1968
300 ## - PHYSICAL DESCRIPTION
Extent 299 p.
Dimensions 22 cm.
505 ## - FORMATTED CONTENTS NOTE
Formatted contents note 1. El análisis por periodos – 2. Características generales del cambio – 3. La anatomía del ciclo – 4. Gastos de consumo – 5. Gastos de inversión – 6. El cambio cíclico – 7. Modelos de crecimiento sostenido – 8. Teoría, modelos y econometría
590 ## - LOCAL NOTE (RLIN)
Local note niveau_biblio:m niveau_hierar:0
942 ## - ADDED ENTRY ELEMENTS (KOHA)
Koha item type
Existencias
Withdrawn status Lost status Damaged status Not for loan Home library Current library Shelving location Date acquired Total checkouts Full call number Barcode Date last seen Price effective from Koha item type
        Biblioteca Prof. Eusebio Cleto del Rey Biblioteca Prof. Eusebio Cleto del Rey   07/04/2026   330.35 B663 L23673 07/04/2026 07/04/2026 Libro